000 00865nam a2200289 i 4500
001 000025514
003 DO-SdBNP
005 20240530073928.0
007 ta
008 110217s2023 dr 000 0 spa d
020 _a9789945183191
040 _aDO-SdBNP
_bspa
_cBNPHU
_erda
082 4 _aRD861.5
_bT683a
_222
100 1 _aToribio, Andrés
_d1950-
_952164
_eautor
245 1 0 _aAngustia de una pasión /
_cAndrés Toribio.
250 _a2a. edición
264 _aSanto Domingo :
_bImpresora Soto Castillo,
_c2023.
300 _a103 páginas ;
_c23 cm.
336 _2rdacontent
_atexto
_btxt
337 _2rdamedia
_asin mediación
_bn
338 _2rdacarrier
_avolumen
_bnc
590 _aInventariado, 2023/DG
650 0 _aNovela dominicana
_9223
650 4 _aLiteratura dominicana
910 _aDG/Validado. Control de calidad MFF
942 _2ddc
_cLBS1
999 _c54815
_d54815